[Event "ECC"]
[Site "Rethymnon GRE"]
[Date "2003.10.03"]
[Round "6"]
[White "Akopian,Vl"]
[Black "Polzin,R"]
[Result "1-0"]
[WhiteElo "2703"]
[BlackElo "2464"]
[EventDate "2003.09.28"]

1. e4 c5 2. Nf3 d6 3. c3 Nf6 4. Be2 Bd7 5. d3 Bc6 6. O-O Nbd7 7. Re1 e6 8.
Bf1 Be7 9. Nbd2 O-O 10. d4 d5 11. exd5 Bxd5 12. c4 Bc6 13. b3 Rc8 14. Bb2
cxd4 15. Nxd4 Bc5 16. Qe2 Qb6 17. Nxc6 Rxc6 18. Red1 e5 19. g3 e4 20. Nxe4
Re6 21. Nxf6+ Nxf6 22. Qf3 Ne4 23. Kg2 Nxf2 24. Rd5 Ne4 25. Rad1 Nf6 26.
Re5 Rfe8 27. Rde1 Rxe5 28. Rxe5 Rxe5 29. Bxe5 h6 30. Bd3 Bd4 31. Bf4 a5 32.
Bd2 Be5 33. Qf5 Qc6+ 34. Kh3 Ba1 35. Qxa5 g6 36. Qd8+ Kg7 37. Bb4 Qe6+ 38.
Kg2 Qc6+ 39. Kf2 Ng4+ 40. Kg1 Qe6 41. Qf8+ Kh7 42. Qe7 Bd4+ 43. Kg2 Ne3+
44. Kh1 Qg4 45. Qxf7+ Bg7 46. Be1 Qh5 47. Qxb7 Ng4 48. h4 Ne5 49. Qe4 Qd1
50. Bc2 Qd7 51. Kg2 h5 1-0

[Event "ECC"]
[Site "Rethymnon GRE"]
[Date "2003.10.03"]
[Round "6"]
[White "Berndt,S"]
[Black "Tkachiev,V"]
[Result "0-1"]
[WhiteElo "2462"]
[BlackElo "2654"]
[EventDate "2003.09.28"]

1. e4 e5 2. Nf3 Nc6 3. Bb5 a6 4. Ba4 Nf6 5. O-O Be7 6. Re1 b5 7. Bb3 d6 8.
c3 O-O 9. h3 Na5 10. Bc2 c5 11. d4 Qc7 12. Nbd2 cxd4 13. cxd4 Nc6 14. Nb3
a5 15. Be3 a4 16. Nbd2 Bd7 17. a3 Rac8 18. Bd3 Na5 19. Qe2 Qb8 20. Rac1
Rfe8 21. Rxc8 Rxc8 22. Rb1 h6 23. b4 axb3 24. Nxb3 Nc4 0-1

[Event "ECC"]
[Site "Rethymnon GRE"]
[Date "2003.10.03"]
[Round "6"]
[White "Poldauf,D"]
[Black "Stanojoski,Z"]
[Result "1/2-1/2"]
[WhiteElo "2404"]
[BlackElo "2496"]
[EventDate "2003.09.28"]

1. c4 c5 2. g3 g6 3. Bg2 Bg7 4. Nc3 Nc6 5. e3 d6 6. Nge2 h5 7. h3 Bd7 8. d4
cxd4 9. exd4 Qc8 10. b3 Nf6 11. d5 Nb4 12. a3 Nfxd5 13. Bxd5 Nxd5 14. Nxd5
Bxa1 15. Bg5 Be5 16. f4 f6 17. fxe5 dxe5 18. Bxf6 exf6 19. Nxf6+ Kd8 20.
Nc3 Qc6 21. Nce4 Kc7 22. Nd5+ Kb8 23. Rf1 Bf5 24. Qa1 Re8 25. Nef6 Rd8 26.
g4 hxg4 27. hxg4 Bc8 28. Qxe5+ Qd6 29. Qxd6+ Rxd6 30. Rh1 a5 31. Kd2 Raa6
32. g5 Rac6 33. Kc3 Rd8 34. b4 Be6 35. b5 Bxd5 36. Nxd5 Rcc8 37. Kd4 Rh8
38. Rxh8 Rxh8 39. Ke5 Rh3 40. a4 Ra3 41. Nb6 Kc7 42. c5 Rf3 43. Nd5+ Kd7
44. Nb6+ Kc7 45. Nd5+ Kd7 46. Nb6+ Kc7 47. Nd5+ 1/2-1/2

[Event "ECC"]
[Site "Rethymnon GRE"]
[Date "2003.10.03"]
[Round "6"]
[White "Wendt,J"]
[Black "Bogdanovski,V"]
[Result "0-1"]
[WhiteElo "2291"]
[BlackElo "2449"]
[EventDate "2003.09.28"]

1. d4 Nf6 2. c4 e6 3. Nc3 Bb4 4. e3 O-O 5. Bd3 d5 6. Nf3 c5 7. O-O Nc6 8.
a3 Bxc3 9. bxc3 Qc7 10. cxd5 exd5 11. a4 Re8 12. Ba3 c4 13. Bc2 Bg4 14. Qc1
Bxf3 15. gxf3 Qd7 16. Kg2 Ne7 17. Bxe7 Rxe7 18. Rg1 Nh5 19. Qb1 g6 20. Qb5
Qe6 21. a5 Rc8 22. Qb1 Rc6 23. Ra4 Ra6 24. Qd1 Nf6 25. Ra1 Qc8 26. Qb1 Qd8
27. Qb5 Ne8 28. Kh1 Rf6 29. f4 a6 30. Qb1 b5 31. axb6 Rxb6 32. Qd1 Reb7 33.
Rg5 Nf6 34. Rg1 Qe7 35. Qf3 Rb2 36. Rgc1 R7b6 37. Kg2 Kf8 38. h3 Qb7 39.
Qg3 Qe7 40. Qf3 Kg7 41. Kg1 Qd6 42. Qd1 R6b5 43. Ra4 Qd7 44. Kg2 R5b3 45.
Bxb3 cxb3 46. Rxa6 Ne4 47. Qf3 Rxf2+ 48. Qxf2 Nxf2 49. Kxf2 Qb5 50. Ra7 b2
51. Rb1 Qb3 0-1

[Event "ECC"]
[Site "Rethymnon GRE"]
[Date "2003.10.03"]
[Round "6"]
[White "Lugovoi,A"]
[Black "Areshchenko,A"]
[Result "1/2-1/2"]
[WhiteElo "2566"]
[BlackElo "2542"]
[EventDate "2003.09.28"]

1. d4 Nf6 2. c4 g6 3. Nc3 d5 4. Nf3 Bg7 5. cxd5 Nxd5 6. e4 Nxc3 7. bxc3 c5
8. Be3 Nc6 9. Rc1 Qa5 10. d5 Nb8 11. Qd2 Bg4 12. Be2 Nd7 13. c4 Qxd2+ 14.
Nxd2 Bxe2 15. Kxe2 f5 16. f4 fxe4 17. Nxe4 b6 18. Ng5 Bf6 19. Ne6 Rc8 20.
g4 Nf8 21. f5 gxf5 22. gxf5 Nd7 23. Rhg1 Kf7 24. Bf4 Rcg8 25. Ke3 Ne5 26.
Bxe5 Bxe5 27. h3 Bh2 28. Ng5+ Kf6 29. Ne4+ Ke5 30. Rgf1 Rg2 31. d6 exd6 32.
Rcd1 Re2+ 33. Kxe2 Kxe4 34. f6 Rf8 35. f7 Bf4 36. h4 Rxf7 37. Rxd6 Re7 38.
Rdd1 Kf5+ 39. Kd3 Re4 40. Kc3 Re2 1/2-1/2

[Event "ECC"]
[Site "Rethymnon GRE"]
[Date "2003.10.03"]
[Round "6"]
[White "Lahno,Kateri"]
[Black "Ivanov,Se1"]
[Result "1/2-1/2"]
[WhiteElo "2439"]
[BlackElo "2556"]
[EventDate "2003.09.28"]

1. e4 e6 2. d4 d5 3. Nc3 Bb4 4. exd5 exd5 5. Bd3 Nc6 6. Nge2 Nge7 7. O-O
Bf5 8. Ng3 Bxd3 9. Qxd3 Qd7 10. a3 Bxc3 11. bxc3 h5 12. a4 h4 13. Ne2 h3
14. g3 Na5 15. Ba3 O-O-O 16. Bb4 Nec6 17. Rfe1 Nc4 18. a5 Rde8 19. a6 b6
20. Kf1 Re4 21. Ng1 Rhe8 22. Rxe4 Rxe4 23. Re1 Qe6 24. Re2 Nb8 25. Bf8 g6
26. f3 Rxe2 27. Qxe2 Kd7 28. Qxe6+ Kxe6 29. Nxh3 f6 30. Bh6 g5 31. Ke2 Nxa6
32. g4 c6 33. f4 gxf4 34. Bxf4 Nd6 35. g5 Nc7 36. g6 Nce8 37. Bxd6 Nxd6 38.
Nf4+ Ke7 39. h4 a5 40. h5 Nf5 41. Kd2 Nh6 42. Kc1 f5 43. Nd3 a4 44. Ne5 c5
45. dxc5 bxc5 46. Kb2 Kf6 47. Nf3 f4 48. Ka3 Kf5 49. Kxa4 Kg4 50. Nd2 Kxh5
51. Kb5 Kxg6 52. Kxc5 Nf5 53. Kxd5 Ne3+ 54. Ke4 Nxc2 55. Kxf4 Kf6 56. Ke4
Ke6 57. Nc4 Na1 58. Na5 Nc2 59. c4 Kd6 60. Kd3 Na3 1/2-1/2

[Event "ECC"]
[Site "Rethymnon GRE"]
[Date "2003.10.03"]
[Round "6"]
[White "Yemelin,V"]
[Black "Ivanov,O UKR"]
[Result "1-0"]
[WhiteElo "2550"]
[BlackElo "2457"]
[EventDate "2003.09.28"]

1. e4 c5 2. Nf3 Nc6 3. d4 cxd4 4. Nxd4 e5 5. Nb5 d6 6. Bc4 Be6 7. Bd5 Be7
8. c4 a6 9. N5c3 Nf6 10. Be3 O-O 11. O-O Rc8 12. Nd2 Nd7 13. Rc1 h6 14. Nb3
Bxd5 15. Nxd5 Bg5 16. Qd2 Nc5 17. Nxc5 dxc5 18. g3 Bxe3 19. fxe3 Qg5 20.
Qg2 Rfe8 21. Rc3 Qg4 22. h3 Qg6 23. g4 Re6 24. Kh2 Kh7 25. Qf3 f6 26. Qf5
Qxf5 27. exf5 Rd6 28. Kg3 Rcd8 29. a3 Kg8 30. Kh4 Kf7 31. Rg1 Na7 32. b4
Rc8 33. Kh5 Rcc6 34. Rd3 Rd8 35. Rb3 b5 36. cxb5 Nxb5 37. a4 Nd6 38. b5
axb5 39. axb5 Rcc8 40. Ra1 Ra8 41. Rxa8 Rxa8 42. Nc7 Rb8 43. Rd3 Ke7 44.
Nd5+ Kf8 45. Nxf6 Ke7 46. Nd5+ Kf8 47. Nc7 Ne4 48. Kg6 Ng5 49. Rd6 Kg8 50.
Re6 Nf3 51. Na6 Rf8 52. f6 e4 53. f7+ Rxf7 54. Re8+ Rf8 55. Rxf8+ Kxf8 56.
Kf5 Nd2 57. Ke6 Nc4 58. Nxc5 Ke8 59. Nxe4 Nxe3 60. Nd6+ Kd8 61. Nf5 Ng2 62.
Kd6 g5 63. Nxh6 Kc8 64. Nf7 Kb7 65. Kc5 Ne1 66. Nxg5 Nd3+ 67. Kc4 Ne5+ 68.
Kd5 Ng6 69. Nf3 Kb6 70. Kc4 Ne7 1-0

[Event "ECC"]
[Site "Rethymnon GRE"]
[Date "2003.10.03"]
[Round "6"]
[White "Kuzubov,Y"]
[Black "Ionov,S"]
[Result "1/2-1/2"]
[WhiteElo "2400"]
[BlackElo "2556"]
[EventDate "2003.09.28"]

1. d4 Nf6 2. c4 e6 3. Nc3 Bb4 4. e3 O-O 5. Bd3 c5 6. Nf3 d5 7. O-O dxc4 8.
Bxc4 cxd4 9. exd4 a6 10. Bg5 b5 11. Bd3 Bb7 12. Qe2 Nbd7 13. Ne5 Be7 14.
Rfe1 Nxe5 15. dxe5 Nd5 16. Bxe7 Qxe7 17. Nxd5 Bxd5 18. a4 Qb4 19. axb5 axb5
20. h3 g6 21. Bxb5 Rxa1 22. Rxa1 Rb8 23. Bd3 Qd4 24. Re1 Rb3 25. Be4 Rxb2
26. Qe3 Qxe5 27. Bxd5 Qxd5 28. Rc1 Rc2 29. Rxc2 Qd1+ 30. Kh2 Qxc2 31. h4
Qf5 32. g3 Kg7 33. Qc3+ Qf6 34. Qe3 h6 35. Kg2 Qf5 36. Kh2 Qd5 37. Kg1 e5
38. Kh2 Qd4 39. Qf3 e4 40. Qf4 Qf6 41. Qe3 Qf5 42. Kg2 g5 43. hxg5 hxg5 44.
Qd4+ f6 45. Qd1 Kg6 46. Qb3 Kg7 47. Qb7+ Kg6 48. Qb3 Kg7 49. Qb7+ Kg6 50.
Qb3 Qd7 51. Qc4 Kf5 52. Qc3 Qe6 53. Qd4 Kg6 54. Qd8 f5 55. Qf8 f4 56. g4
Qxg4+ 57. Kf1 Qd1+ 58. Kg2 Qf3+ 59. Kg1 1/2-1/2

[Event "ECC"]
[Site "Rethymnon GRE"]
[Date "2003.10.03"]
[Round "6"]
[White "Navara,D"]
[Black "Gagunashvili,M"]
[Result "0-1"]
[WhiteElo "2608"]
[BlackElo "2577"]
[EventDate "2003.09.28"]

1. e4 c5 2. Nf3 Nc6 3. d4 cxd4 4. Nxd4 Nf6 5. Nc3 e5 6. Ndb5 d6 7. Bg5 a6
8. Na3 b5 9. Bxf6 gxf6 10. Nd5 f5 11. c3 Bg7 12. exf5 Bxf5 13. Nc2 Be6 14.
g3 O-O 15. Bg2 a5 16. O-O Rb8 17. a3 f5 18. Qe2 e4 19. Rad1 Qd7 20. f3 exf3
21. Bxf3 Kh8 22. Rde1 Be5 23. Qd2 Ne7 24. Nf4 Ng6 25. Nxg6+ hxg6 26. Nd4
Kh7 27. Nc6 Rbe8 28. Rf2 f4 29. Nxe5 dxe5 30. Qxd7+ Bxd7 31. Be4 Kg7 32.
Rd2 Re7 33. Rd6 Rf6 34. Rd5 Bc6 35. Rc5 f3 36. Rxc6 f2+ 37. Kf1 fxe1=Q+ 38.
Kxe1 g5 39. Ke2 Rxc6 40. Bxc6 Kf6 41. Bxb5 Rh7 42. h4 gxh4 43. gxh4 Rxh4
44. Ke3 Rh2 45. b4 Ra2 46. bxa5 Rxa3 47. a6 Rxc3+ 48. Ke4 Ke6 49. Be2 Kd6
50. Bb5 Ra3 51. Bf1 Ra4+ 52. Ke3 Kc5 53. Be2 Kd5 54. Bd3 Ra3 55. a7 Rxa7
56. Be4+ Ke6 57. Bc6 Rc7 58. Bf3 Rc3+ 59. Ke4 Rc4+ 60. Kd3 Rd4+ 61. Ke3 Rb4
62. Bc6 Rb6 63. Bg2 Rb3+ 64. Ke4 Rb2 65. Bf1 Rb1 66. Bg2 Re1+ 67. Kf3 Rg1
68. Kf2 Rxg2+ 0-1

[Event "ECC"]
[Site "Rethymnon GRE"]
[Date "2003.10.03"]
[Round "6"]
[White "Stohl,I"]
[Black "Izoria,Z"]
[Result "1/2-1/2"]
[WhiteElo "2556"]
[BlackElo "2541"]
[EventDate "2003.09.28"]

1. d4 Nf6 2. c4 e6 3. Nf3 b6 4. g3 Ba6 5. b3 Bb4+ 6. Bd2 Be7 7. Bg2 c6 8.
Bc3 d5 9. Nbd2 Nbd7 10. O-O O-O 11. Re1 c5 12. e4 Nxe4 13. Nxe4 dxe4 14.
Rxe4 Bb7 15. Re3 1/2-1/2

[Event "ECC"]
[Site "Rethymnon GRE"]
[Date "2003.10.03"]
[Round "6"]
[White "Cyborowski,L"]
[Black "Sax,G"]
[Result "1/2-1/2"]
[WhiteElo "2550"]
[BlackElo "2521"]
[EventDate "2003.09.28"]

1. Nf3 Nf6 2. c4 c5 3. g3 d5 4. Bg2 Nc6 5. O-O d4 6. d3 e5 7. e3 Be7 8.
exd4 exd4 9. Re1 O-O 10. Bg5 h6 11. Bxf6 Bxf6 12. Nbd2 Bf5 13. Ne4 Be7
1/2-1/2

[Event "ECC"]
[Site "Rethymnon GRE"]
[Date "2003.10.03"]
[Round "6"]
[White "Horvath,Jo1"]
[Black "Miton,K"]
[Result "1/2-1/2"]
[WhiteElo "2519"]
[BlackElo "2546"]
[EventDate "2003.09.28"]

1. c4 e5 2. g3 Nf6 3. Bg2 Nc6 4. Nc3 Bc5 5. a3 O-O 6. e3 a5 7. Nge2 d6 8.
d4 Ba7 9. O-O Re8 10. d5 Ne7 11. Rb1 1/2-1/2

[Event "ECC"]
[Site "Rethymnon GRE"]
[Date "2003.10.03"]
[Round "6"]
[White "Nurkiewicz,M"]
[Black "Groszpeter,A"]
[Result "1/2-1/2"]
[WhiteElo "2363"]
[BlackElo "2502"]
[EventDate "2003.09.28"]

1. e4 c6 2. d4 d5 3. Nc3 dxe4 4. Nxe4 Bf5 5. Ng3 Bg6 6. h4 h6 7. Nf3 Nd7 8.
h5 Bh7 9. Bd3 Bxd3 10. Qxd3 e6 11. Bf4 Ngf6 12. O-O-O Be7 13. Kb1 O-O 14.
c4 Qa5 15. Ne5 Rad8 16. Ne4 Nxe5 17. Bxe5 Nxe4 18. Qxe4 Bd6 19. f4 Bxe5 20.
fxe5 Qb4 21. Qd3 Qe7 22. Qe4 Qb4 23. Qd3 Qe7 24. Qe4 1/2-1/2

[Event "ECC"]
[Site "Rethymnon GRE"]
[Date "2003.10.03"]
[Round "6"]
[White "Palliser,R"]
[Black "Zhigalko,S"]
[Result "0-1"]
[WhiteElo "2438"]
[BlackElo "2399"]
[EventDate "2003.09.28"]

1. d4 Nf6 2. c4 e6 3. Nf3 b6 4. e3 Bb7 5. Bd3 Be7 6. O-O O-O 7. Nc3 d5 8.
cxd5 exd5 9. b3 c5 10. Bb2 Nbd7 11. Rc1 Re8 12. Ne2 Rc8 13. Ng3 g6 14. Ne5
Bf8 15. f4 Bg7 16. Qf3 Rc7 17. Rb1 c4 18. Bc2 b5 19. Ba3 Re6 20. Bb4 Ra6
21. Ra1 Bf8 22. Bxf8 Qxf8 23. Nxd7 Rxd7 24. f5 Qb4 25. fxg6 hxg6 26. bxc4
dxc4 27. Qf4 Qc3 28. Be4 Nxe4 29. Nxe4 Bxe4 30. Qxe4 Re6 31. Qa8+ Kg7 32.
d5 Rxe3 33. Qc6 Qd4 34. Kh1 Rxd5 35. h3 Rxh3+ 36. gxh3 Qe4+ 0-1

[Event "ECC"]
[Site "Rethymnon GRE"]
[Date "2003.10.03"]
[Round "6"]
[White "Taylor,P"]
[Black "Mochalov,E"]
[Result "1/2-1/2"]
[WhiteElo "2031"]
[BlackElo "2417"]
[EventDate "2003.09.28"]

1. c4 g6 2. g3 Bg7 3. Bg2 Nf6 4. Nc3 O-O 5. d3 d6 6. e4 c5 7. Nge2 Nc6 8.
O-O Ne8 9. Be3 Nc7 10. d4 cxd4 11. Nxd4 Ne6 12. Nxc6 bxc6 13. Qd2 Rb8 14.
Rac1 c5 15. b3 Nd4 16. Bh6 Bxh6 17. Qxh6 f6 18. Qe3 Kg7 19. Rb1 Bd7 20. Rb2
Bc6 21. Rfb1 Qd7 22. a3 a5 23. a4 Rb4 24. Nd5 Rb7 25. Nc3 e5 26. Nb5 f5 27.
f4 Qe6 28. exf5 Nxf5 29. Qc3 Bxg2 30. Kxg2 Qf6 31. Rf2 Re7 32. Re1 Rfe8 33.
Qxa5 exf4 34. Rxe7+ Rxe7 35. Qc3 Qxc3 36. Nxc3 fxg3 37. hxg3 Re3 38. Rf3
Re1 39. Nb5 Rd1 40. Rf2 h5 41. Ra2 Rd3 42. a5 Rxb3 43. Kf2 Ne3 44. Nxd6
Ng4+ 45. Kg2 Rd3 46. Ne4 Ne3+ 47. Kf2 Ng4+ 48. Kg2 Ne3+ 49. Kf2 Ng4+ 50.
Kg2 1/2-1/2

[Event "ECC"]
[Site "Rethymnon GRE"]
[Date "2003.10.03"]
[Round "6"]
[White "Tihonov,J"]
[Black "Dishman,S"]
[Result "0-1"]
[WhiteElo "2382"]
[BlackElo "2323"]
[EventDate "2003.09.28"]

1. d4 Nf6 2. c4 e6 3. Nf3 d5 4. Nc3 Nbd7 5. cxd5 exd5 6. Bg5 Be7 7. e3 O-O
8. Qc2 Re8 9. Bd3 Nf8 10. O-O c6 11. Rab1 a5 12. h3 g6 13. Ne5 N6d7 14.
Bxe7 Qxe7 15. Nf3 Ne6 16. Rfe1 Nb6 17. a3 Ng5 18. Nh2 Bd7 19. Nf1 Nc8 20.
Ng3 Nd6 21. f4 Ne6 22. Nf1 Ng7 23. g4 h5 24. Qg2 hxg4 25. hxg4 Qh4 26. Nh2
b5 27. Qf2 Qxf2+ 28. Kxf2 Re7 29. Rg1 Rae8 30. Rbe1 Rb8 31. Nf3 Nc4 32. Re2
Be8 33. Rh1 b4 34. axb4 Rxb4 35. Bxc4 Rxc4 36. Ne5 Rb4 37. g5 Nh5 38. f5
Rb8 39. f6 Reb7 40. Nd3 Bd7 41. Na4 Bf5 42. Ne5 c5 43. Nc6 cxd4 44. Nxb8
dxe3+ 45. Rxe3 Rxb8 46. Rh4 Bd7 47. b3 Bb5 48. Rd4 Bc6 49. Rc3 Bd7 50. Rxd5
Be6 51. Rxa5 Bxb3 52. Nc5 Bd1 53. Nd3 Bg4 54. Rca3 Kh7 55. Ra8 Rb5 56. R3a5
Rb3 57. Rd8 Nf4 58. Nxf4 Rf3+ 59. Kg1 Rxf4 60. Raa8 Bc8 61. Rf8 Rg4+ 62.
Kf2 0-1

[Event "ECC"]
[Site "Rethymnon GRE"]
[Date "2003.10.03"]
[Round "6"]
[White "Ginzburg,Mi"]
[Black "Mack,A"]
[Result "1-0"]
[WhiteElo "2294"]
[BlackElo "2269"]
[EventDate "2003.09.28"]

1. e4 e6 2. Qe2 Be7 3. Nf3 d5 4. d3 Nf6 5. Nbd2 Nc6 6. c3 a5 7. h3 O-O 8.
g3 dxe4 9. dxe4 e5 10. a4 b6 11. Qc4 Bc5 12. Qb3 Be6 13. Bc4 Bxc4 14. Qxc4
Qd7 15. Nb3 Rad8 16. Bg5 Be7 17. Nbd2 h6 18. Bxf6 Bxf6 19. Nf1 Qe6 20. Ne3
Bg5 21. Qxe6 fxe6 22. Nxg5 hxg5 23. Ke2 Kf7 24. Rad1 Rxd1 25. Rxd1 Ke7 26.
Nc4 Rh8 27. Rh1 Kf6 28. Kf3 Rd8 29. Ke2 Rh8 30. Rd1 Ke7 31. Rh1 Kf6 32. Ne3
Rb8 33. Kd3 Rd8+ 34. Kc2 Ke7 35. Ng4 Rh8 36. Ne3 Rf8 37. Rh2 Rh8 38. Kd3
Rd8+ 39. Ke2 Rh8 40. Rh1 Kf6 41. Kf3 Ke7 42. Kg4 Rf8 43. Rf1 Kf6 44. Rd1
Rf7 45. Kh5 g6+ 46. Kh6 Ke7 47. Kxg5 Nb8 48. Rd2 Na6 1-0

[Event "ECC"]
[Site "Rethymnon GRE"]
[Date "2003.10.03"]
[Round "6"]
[White "Roeder,M"]
[Black "Langner,L"]
[Result "1-0"]
[WhiteElo "2451"]
[BlackElo "2403"]
[EventDate "2003.09.28"]

1. Nf3 c5 2. c4 g6 3. d4 cxd4 4. Nxd4 Bg7 5. e4 Nc6 6. Be3 Nf6 7. Nc3 Ng4
8. Qxg4 Nxd4 9. Qd1 e5 10. Bd3 O-O 11. O-O d6 12. Rc1 Be6 13. Re1 Qa5 14.
Qd2 Rfc8 15. Nd5 Qxd2 16. Bxd2 Bxd5 17. cxd5 Kf8 18. Rc3 Ke8 19. Rec1 Kd7
20. Be3 Bf8 21. g3 Rc5 22. f4 Rac8 23. Kf2 b6 24. Ba6 R8c7 25. Bd3 Bg7 26.
Bxd4 exd4 27. Rxc5 Rxc5 28. Rh1 Ke7 29. Kf3 h6 30. h4 Kf6 31. h5 g5 32. Kg4
gxf4 33. gxf4 b5 34. Kf3 Ke7 35. Rg1 Kf8 36. a3 Bf6 37. Kg4 a5 38. Rh1 Bd8
39. Kf5 a4 40. Rd1 Bb6 41. Kg4 Ba5 42. Kf3 b4 43. axb4 Bxb4 44. Bb1 Rc4 45.
e5 a3 46. Bd3 Rc8 47. bxa3 Bxa3 48. Ra1 Bb2 49. Ra7 dxe5 50. fxe5 Re8 51.
Ke4 Re7 52. Ra2 Bc1 53. d6 Re8 54. Kf5 Rc8 55. Ra7 Rc3 56. Ra8+ Kg7 57. d7
Bg5 58. Ke4 f5+ 59. Kxd4 1-0

[Event "ECC"]
[Site "Rethymnon GRE"]
[Date "2003.10.03"]
[Round "6"]
[White "Welling,G"]
[Black "Sikora Lerch,J"]
[Result "0-1"]
[WhiteElo "2391"]
[BlackElo "2324"]
[EventDate "2003.09.28"]

1. c4 c5 2. b3 g6 3. Bb2 Nf6 4. Bxf6 exf6 5. Nc3 h5 6. h4 Nc6 7. g3 d6 8.
Bg2 Bg4 9. Nh3 g5 10. Qb1 gxh4 11. gxh4 Bh6 12. Nd5 Kf8 13. Nhf4 Qa5 14. f3
Bd7 15. e3 Re8 16. Kd1 Bxf4 17. Nxf4 Ne5 18. Rf1 b5 19. Nd5 Qd8 20. f4 Ng4
21. Qb2 Rh6 22. b4 f5 23. bxc5 dxc5 24. Qa3 bxc4 25. Qxc5+ Kg8 26. Qc7 Rd6
27. Kc1 Qxc7 28. Nxc7 Rd8 29. Nd5 Be8 30. Ne7+ Kf8 31. Nxf5 Rxd2 32. Be4
Ba4 33. Nd4 c3 0-1

[Event "ECC"]
[Site "Rethymnon GRE"]
[Date "2003.10.03"]
[Round "6"]
[White "Walek,M"]
[Black "Schulz,KJ"]
[Result "1-0"]
[WhiteElo "2332"]
[BlackElo "2380"]
[EventDate "2003.09.28"]

1. e4 c5 2. Nf3 e6 3. d4 cxd4 4. Nxd4 Nf6 5. Nc3 d6 6. g4 h6 7. h3 Nc6 8.
Bg2 Bd7 9. Nde2 a6 10. Be3 b5 11. Ng3 Qc7 12. O-O Rc8 13. f4 Na5 14. g5 Nc4
15. Bd4 hxg5 16. fxg5 Ng8 17. Qf3 Bc6 18. Rf2 Ne5 19. Qf4 g6 20. Raf1 Rh7
21. Nd1 Bg7 22. Qd2 Bb7 23. Ne3 Ne7 24. b3 N7c6 25. Ba1 a5 26. Ne2 Qe7 27.
Bxe5 Bxe5 28. Ng4 b4 29. Nh6 Nd8 30. h4 Ba6 31. Rd1 Qc7 32. Nd4 Qc3 33.
Qxc3 Rxc3 34. Nf3 Bg3 35. Rfd2 Bf4 36. Rxd6 Bxd6 37. Rxd6 Nc6 38. Ng8 Rh8
39. Nf6+ Kf8 40. e5 Kg7 41. h5 gxh5 42. Nh4 Bb5 43. Be4 Nxe5 44. Rb6 Rc5
45. Kf2 Ng4+ 1-0

[Event "ECC"]
[Site "Rethymnon GRE"]
[Date "2003.10.03"]
[Round "6"]
[White "Kantsler,B"]
[Black "Schwarz,Mic"]
[Result "1/2-1/2"]
[WhiteElo "2472"]
[BlackElo "2409"]
[EventDate "2003.09.28"]

1. d4 Nf6 2. c4 e6 3. Nc3 Bb4 4. e3 c5 5. Bd3 Nc6 6. Nge2 O-O 7. O-O d5 8.
cxd5 exd5 9. a3 cxd4 10. exd4 Bd6 11. Bf4 h6 12. Qd2 Bxf4 13. Qxf4 Be6 14.
Ng3 Ne8 15. Rfd1 Qf6 16. Qxf6 Nxf6 17. Nce2 Rac8 18. Nf5 Bxf5 19. Bxf5 Rc7
20. Rac1 g6 21. Bd3 1/2-1/2

[Event "ECC"]
[Site "Rethymnon GRE"]
[Date "2003.10.03"]
[Round "6"]
[White "Schlosser,M"]
[Black "Bitansky,I"]
[Result "1/2-1/2"]
[WhiteElo "2367"]
[BlackElo "2378"]
[EventDate "2003.09.28"]

1. e4 e5 2. Nf3 Nc6 3. Bb5 a6 4. Ba4 Nf6 5. O-O Be7 6. Re1 b5 7. Bb3 O-O 8.
c3 d5 9. exd5 Nxd5 10. Nxe5 Nxe5 11. Rxe5 c6 12. d4 Bd6 13. Re2 Qh4 14. g3
Qh3 15. Nd2 Bf5 16. Qf1 Qh5 17. Re1 Rae8 18. f3 Nf4 19. Ne4 Bh3 20. Bxf4
Bxf1 21. Bxd6 Bh3 22. g4 Qg6 23. Bxf8 Kxf8 24. Nf2 Rxe1+ 25. Rxe1 h5 26.
Nxh3 hxg4 27. Nf4 Qh6 28. Re4 gxf3 29. h4 f2+ 30. Kf1 g5 31. Ng2 gxh4 32.
Rxh4 Qc1+ 33. Kxf2 Qxb2+ 34. Kg1 Qxc3 35. Rf4 c5 36. Rxf7+ Ke8 37. dxc5
Qxc5+ 38. Rf2 a5 39. Nf4 a4 40. Bf7+ Kd7 41. Kg2 b4 42. Be6+ Kc6 43. Re2
Qc3 44. Bd7+ Kc5 45. Be8 1/2-1/2

[Event "ECC"]
[Site "Rethymnon GRE"]
[Date "2003.10.03"]
[Round "6"]
[White "Finkel,A"]
[Black "Kotz,H"]
[Result "1/2-1/2"]
[WhiteElo "2458"]
[BlackElo "2354"]
[EventDate "2003.09.28"]

1. e4 e5 2. Nc3 Nf6 3. g3 d5 4. exd5 Nxd5 5. Bg2 Nxc3 6. bxc3 Bd6 7. Nf3
Nc6 8. O-O O-O 9. d4 Re8 10. a4 Bg4 11. h3 Bh5 12. g4 Bg6 13. dxe5 Nxe5 14.
Nd4 Qh4 15. f4 Nc4 16. f5 Qg3 17. Qf3 Qh2+ 18. Kf2 Ne5 19. Qg3 Nxg4+ 20.
Qxg4 Bh5 21. Qh4 Re4 22. Qxe4 1/2-1/2

[Event "ECC"]
[Site "Rethymnon GRE"]
[Date "2003.10.03"]
[Round "6"]
[White "Poeltl,T"]
[Black "Stisis,Y"]
[Result "0-1"]
[WhiteElo "2182"]
[BlackElo "2397"]
[EventDate "2003.09.28"]

1. d4 Nf6 2. c4 c5 3. d5 e5 4. Nc3 d6 5. e4 Be7 6. Bd3 O-O 7. Nge2 Nh5 8.
O-O Bg5 9. a3 g6 10. Rb1 Bxc1 11. Qxc1 f5 12. f4 Nxf4 13. Nxf4 exf4 14.
exf5 g5 15. Qc2 Nd7 16. g4 fxg3 17. hxg3 Ne5 18. Rbe1 g4 19. Rxe5 dxe5 20.
Qe2 b6 21. Qxg4+ Kh8 22. Ne4 a6 23. Qh5 Qe8 24. Qh4 Ra7 25. g4 Rg7 26. Kh2
Qd8 27. Qh5 Rfg8 28. f6 Rxg4 29. Ng5 Qc7 30. d6 R4xg5 31. Qxg5 Qxd6 32. f7
Rxg5 33. f8=Q+ Qxf8 34. Rxf8+ Rg8 35. Rf7 Rd8 36. Be4 Be6 37. Rxh7+ Kg8 38.
b3 Rd4 39. Re7 Bxc4 40. bxc4 Rxe4 41. Rb7 Rxc4 42. Rxb6 a5 43. Re6 e4 44.
Kg3 Kf7 45. Rc6 Rc3+ 46. Kf4 e3 47. Kf3 a4 48. Ra6 Rxa3 49. Ra5 c4 50. Ra6
Ke7 51. Ke2 Kd7 52. Kd1 Ra2 0-1

[Event "ECC"]
[Site "Rethymnon GRE"]
[Date "2003.10.03"]
[Round "6"]
[White "Salmensuu,O"]
[Black "Helgason,R"]
[Result "1/2-1/2"]
[WhiteElo "2410"]
[BlackElo "2336"]
[EventDate "2003.09.28"]

1. e4 c6 2. d4 d5 3. e5 Bf5 4. Nc3 e6 5. g4 Bg6 6. Nge2 Ne7 7. Nf4 c5 8. h4
cxd4 9. Nb5 Nec6 10. h5 Be4 11. f3 a6 12. Nd6+ Bxd6 13. exd6 g5 14. Nh3 h6
15. fxe4 dxe4 16. Bg2 f5 17. O-O O-O 18. gxf5 exf5 19. Bxe4 fxe4 20. Bxg5
Rxf1+ 21. Qxf1 hxg5 22. Qc4+ Kh8 23. Qe6 Qd7 24. Qh6+ Qh7 25. Qf8+ Qg8 26.
Qh6+ Qh7 27. Qf8+ Qg8 28. Qh6+ 1/2-1/2

[Event "ECC"]
[Site "Rethymnon GRE"]
[Date "2003.10.03"]
[Round "6"]
[White "Laihonen,P"]
[Black "Schneider,S"]
[Result "1/2-1/2"]
[WhiteElo "2260"]
[BlackElo "2319"]
[EventDate "2003.09.28"]

1. e4 c6 2. d4 d5 3. e5 Bf5 4. h4 h5 5. c4 e6 6. Nc3 Ne7 7. Bg5 dxc4 8.
Bxc4 Nd7 9. Nge2 f6 10. exf6 gxf6 11. Be3 Nb6 12. Bb3 Nbd5 13. Ng3 Bg4 14.
Qd3 Nf5 15. Nxf5 Bxf5 16. Qe2 Qd7 17. Nxd5 exd5 18. Bc2 Bxc2 19. Qxc2 Bb4+
20. Kf1 Qh7 21. Qxh7 Rxh7 22. Rh3 Re7 23. Rg3 Kf7 24. Bh6 Rg8 25. Rxg8 Kxg8
26. Rd1 Kf7 27. Bf4 Kg6 28. f3 Kf5 29. g3 Re8 30. Kf2 Ba5 31. Rg1 Bb6 32.
Be3 Rg8 33. Ke2 Bc7 34. Bf2 Bd6 35. Kd3 b6 36. b3 a5 37. Ke2 Ba3 38. Kd3
Rg7 39. Ke2 Rg8 40. Kd3 Rg7 41. Re1 Bd6 42. Rg1 Rg8 43. Ke2 c5 44. Kd3 Rg7
45. Rg2 a4 46. Rg1 axb3 47. axb3 Rg8 48. Rg2 Rg7 49. Rg1 Rg8 50. Rg2 Ra8
51. g4+ Kf4 52. Be3+ Kxf3 53. Rf2+ Kxg4 54. Rxf6 Be7 55. Rxb6 c4+ 56. bxc4
Ra3+ 57. Ke2 dxc4 58. Rc6 Ra2+ 59. Kd1 Bxh4 60. Rxc4 Kf3 61. d5 Bg3 62. Bg5
Ra5 63. Rd4 Be5 64. Rd2 Ra1+ 65. Kc2 Ra2+ 66. Kd1 Rxd2+ 67. Kxd2 Ke4 68.
Ke2 Kxd5 69. Kf1 Ke4 70. Kg2 Kf5 71. Bd8 Kg4 72. Kh1 h4 73. Bxh4 1/2-1/2

[Event "ECC"]
[Site "Rethymnon GRE"]
[Date "2003.10.03"]
[Round "6"]
[White "Carlsson,D"]
[Black "Hamalainen,S"]
[Result "0-1"]
[WhiteElo "2301"]
[BlackElo "2189"]
[EventDate "2003.09.28"]

1. e4 e5 2. Nf3 Nc6 3. Bb5 a6 4. Ba4 Nf6 5. O-O Nxe4 6. d4 exd4 7. Re1 d5
8. Nxd4 Bd6 9. Nxc6 Bxh2+ 10. Kf1 Qh4 11. Rxe4+ dxe4 12. Ne5+ b5 13. Qd5
O-O 14. Nxf7 Rxf7 15. Be3 c6 0-1

[Event "ECC"]
[Site "Rethymnon GRE"]
[Date "2003.10.03"]
[Round "6"]
[White "Winants,L"]
[Black "Chuchelov,V"]
[Result "1-0"]
[WhiteElo "2501"]
[BlackElo "2608"]
[EventDate "2003.09.28"]

1. d4 Nf6 2. Nf3 d5 3. c4 c6 4. e3 Bf5 5. Nc3 e6 6. Nh4 Be4 7. f3 Bg6 8.
Qb3 Qc7 9. Bd2 Be7 10. Nxg6 hxg6 11. O-O-O a6 12. cxd5 cxd5 13. Kb1 Nc6 14.
Rc1 O-O 15. g4 Rfc8 16. Qd1 Qd8 17. g5 Ne8 18. h4 Na5 19. Bd3 Nc4 20. Qe2
Ned6 21. h5 Bxg5 22. hxg6 f5 23. Rcg1 Bh6 24. Bc1 Qf6 25. e4 dxe4 26. fxe4
Qxd4 27. exf5 Ne5 28. Bc2 Nxf5 29. Rd1 Qb6 30. Bxf5 1-0